Focus Ireland (Record no. 78390)

MARC details
000 -LEADER
fixed length control field 00828cab a2200205 4500
001 - CONTROL NUMBER
control field L136646
008 - FIXED-LENGTH DATA ELEMENTS--GENERAL INFORMATION
fixed length control field 070213n2007 000 0 eng u
035 ## - SYSTEM CONTROL NUMBER
System control number (Sirsi) u136646
041 0# - LANGUAGE CODE
Language code of text/sound track or separate title eng
100 1# - MAIN ENTRY--PERSONAL NAME
Personal name Harris, David
245 00 - TITLE STATEMENT
Title Focus Ireland
260 ## - PUBLICATION, DISTRIBUTION, ETC.
Date of publication, distribution, etc. 2007
490 00 - SERIES STATEMENT
Series statement Estates Gazette
Volume/sequential designation (0706) 10 February 2007, 119-129(7)
520 ## - SUMMARY, ETC.
Summary, etc. Reports on property market forecasts for the Republic of Ireland. Looks at how rising interest rates may affect yields in the Republic of Ireland's property investment market. Asks whether housebuyers in Northern Ireland are playing catch up now that the peace process has enabled a degree of political stabilisation.
590 ## - LOCAL NOTE (RLIN)
Local note KA
651 #4 - SUBJECT ADDED ENTRY--GEOGRAPHIC NAME
Geographic name IRELAND
690 ## - LOCAL SUBJECT ADDED ENTRY--TOPICAL TERM (OCLC, RLIN)
Topical term or geographic name as entry element PROPERTY-COMMERCIAL PROPERTY-COMMERCIAL PROPERTY MARKET
700 1# - ADDED ENTRY--PERSONAL NAME
Personal name Buckley, Donal
942 ## - ADDED ENTRY ELEMENTS (KOHA)
Suppress in OPAC 0
Holdings
Withdrawn status Lost status Source of classification or shelving scheme Damaged status Not for loan Home library Current library Shelving location Date acquired Total Checkouts Full call number Barcode Date last seen Copy number Price effective from Koha item type
    Dewey Decimal Classification     London London Journal article 13/02/2007   L136646 136646-1001 06/08/2019 1 06/08/2019 Journal article